| 000 | 00589cam a22002054a 4500 | ||
|---|---|---|---|
| 005 | 20250605164244.0 | ||
| 008 | 250528s ||||||||||||||||||||||||d | ||
| 035 | _a21444 | ||
| 040 |
_aGR-AtMCL _bgre _dGR-AtMCL _eAACR2 |
||
| 245 | 1 | _aACTIVATE YOUR ENGLISH INTERMEDIATE (SET OF 2) | |
| 250 | _a1 | ||
| 260 |
_bCambridge University Press _bSinclair Barbara, _c1996 |
||
| 300 | _a95 | ||
| 505 | 0 | _aINCLUDES: COURSEBOOK, SELF-STUDY WORKBOOK | |
| 520 | _aINCLUDES: COURSEBOOK, SELF-STUDY WORKBOOK | ||
| 700 | 1 |
_aProwse Philip _97482 |
|
| 942 | _cBK | ||
| 999 |
_c6506 _d6506 |
||